The marketing power of micro-scripts : (Record no. 93794)

MARC details
000 -LEADER
fixed length control field 00605nam a22001817a 4500
005 - DATE AND TIME OF LATEST TRANSACTION
control field 20150708105535.0
010 ## - LCCN (DPL NO)
LC control number ENG-113152
020 ## - INTERNATIONAL STANDARD BOOK NUMBER
International Standard Book Number 9788120766624
Terms of availability 200.00
035 ## - SYSTEM CONTROL NUMBER
System control number EN-96684
037 ## - SOURCE OF ACQUISITION
Source of stock number/acquisition DBAD/PUB
082 ## - DEWEY DECIMAL CLASSIFICATION NUMBER
Classification number 658.827
100 ## - MAIN ENTRY--PERSONAL NAME
Personal name Schley, Bill
245 ## - TITLE STATEMENT
Title The marketing power of micro-scripts :
Statement of responsibility, etc by Bill Schley
Remainder of title how to differentiate your business in a sentence or less /
260 ## - PUBLICATION, DISTRIBUTION, ETC. (IMPRINT)
Name of publisher, distributor, etc Sterling Paperbacks
Date of publication, distribution, etc 2010
Place of publication, distribution, etc New Delhi
270 ## - ADDRESS
City New Delhi
Postal code 110020
Address A-59,Okhla Industrial Area, Phase-II,
300 ## - PHYSICAL DESCRIPTION
Extent xiv,176p.
Dimensions 22cm(pbk)
942 ## - ADDED ENTRY ELEMENTS (KOHA)
Source of classification or shelving scheme Dewey Decimal Classification
Item type English Books
Call number suffix SCH
Classification part 658.827
Holdings
Withdrawn status Lost status Not for loan Collection code Home library Current library Date acquired Source of acquisition Cost, normal purchase price Full call number Barcode Copy number Cost, replacement price Koha item type
    Not For Loan Non-fiction D.B.Act.Division D.B.Act.Division 20/05/2015 DBAD/PUB 200.00 658.827 SCH EN-96684 1 200.00 English Books

© Delhi Public Library
Hit Counter
free hit counter